| 000 | 00600nam a22001577a 4500 | ||
|---|---|---|---|
| 003 | OSt | ||
| 005 | 20160311090252.0 | ||
| 008 | 160311b xxu||||| |||| 00| 0 eng d | ||
| 040 | _cRUA | ||
| 082 | _aVEM THI 2014 B459 Or.1 | ||
| 100 |
_97951 _aTHIN SOK; ធិន សុខ |
||
| 245 | _aThe study of cattle's diarrhea in ang snoul district, kandal province; ការសិក្សាពីជំងឺរាកគោក្នុងស្រុកអង្គស្នួល ខេត្តកណ្ដាល | ||
| 260 |
_aPhnom Penh _bRUA _c2014 |
||
| 300 |
_ax;36p. _bill. _c29cm. |
||
| 942 |
_2ddc _cVEM |
||
| 999 |
_c7544 _d7544 |
||